[Event "MSR2018s4"]
[Site "?"]
[Date "2018.04.22"]
[Round "2.20"]
[White "Jura, Michal"]
[Black "Orgon, Jakub"]
[Result "0-1"]
[BlackElo "1218"]
[WhiteElo "1317"]
[LiveChessVersion "1.4.8"]

1. e4 {[%clk 1:30:57]} c5 {[%clk 1:30:53]} 2. Nf3 {[%clk 1:31:17]} d6
{[%clk 1:31:08]} 3. Nc3 {[%clk 1:31:33]} Nf6 {[%clk 1:31:27]} 4. d4
{[%clk 1:31:52]} cxd4 {[%clk 1:31:43]} 5. Nxd4 {[%clk 1:31:30]} g6
{[%clk 1:31:37]} 6. Bc4 {[%clk 1:31:34]} Bg7 {[%clk 1:31:37]} 7. b3
{[%clk 1:31:20]} O-O {[%clk 1:31:53]} 8. Bb2 {[%clk 1:31:41]} Nxe4
{[%clk 1:29:31]} 9. Nxe4 {[%clk 1:30:24]} d5 {[%clk 1:29:47]} 10. Bd3
{[%clk 1:29:19]} dxe4 {[%clk 1:29:52]} 11. Bxe4 {[%clk 1:29:36]} Nd7
{[%clk 1:25:36]} 12. O-O {[%clk 1:29:05]} Nf6 13. Qf3 {[%clk 1:27:50]} Nxe4
{[%clk 1:16:09]} 14. Qxe4 {[%clk 1:27:50]} Rb8 {[%clk 1:12:57]} 15. Rad1
{[%clk 1:24:17]} Qa5 {[%clk 1:10:32]} 16. a4 {[%clk 1:22:10]} e6 {[%clk 1:10:24]}
17. Rd3 {[%clk 1:14:28]} e5 {[%clk 1:09:01]} 18. Nf3 {[%clk 1:12:44]} Bf5
{[%clk 1:08:13]} 19. Rd5 {[%clk 1:11:59]} Bxe4 {[%clk 1:07:50]} 20. Rxa5
{[%clk 1:12:12]} Bxc2 {[%clk 1:05:03]} 21. Nxe5 {[%clk 1:11:24]} Rfe8
{[%clk 1:01:43]} 22. Nd7 {[%clk 1:08:31]} Rbd8 {[%clk 1:00:58]} 23. Nf6+
{[%clk 1:06:59]} Bxf6 24. Bxf6 {[%clk 1:07:20]} Rd6 {[%clk 1:01:13]} 25. Bb2
{[%clk 1:05:21]} Rde6 {[%clk 1:00:54]} 26. h3 {[%clk 1:05:34]} a6
{[%clk 0:51:02]} 27. Rc1 {[%clk 1:01:48]} Re1+ {[%clk 0:50:41]} 28. Rxe1
{[%clk 1:01:58]} Rxe1+ {[%clk 0:51:07]} 29. Kh2 {[%clk 1:02:25]} Bxb3
{[%clk 0:51:14]} 30. Rc5 {[%clk 1:01:21]} Bxa4 {[%clk 0:49:32]} 31. Rc4
{[%clk 0:57:47]} Bc6 {[%clk 0:49:23]} 32. Bc3 {[%clk 0:55:34]} Re8
{[%clk 0:46:55]} 33. Ba5 {[%clk 0:53:34]} Re5 {[%clk 0:43:23]} 34. Bc7
{[%clk 0:48:08]} Re2 {[%clk 0:38:39]} 35. f3 {[%clk 0:46:09]} Bxf3
{[%clk 0:38:14]} 36. Kg3 {[%clk 0:45:54]} Bc6 {[%clk 0:38:31]} 37. Rd4
{[%clk 0:45:07]} Rxg2+ {[%clk 0:36:40]} 38. Kh4 {[%clk 0:45:31]} Re2
{[%clk 0:35:45]} 39. Rd8+ {[%clk 0:45:39]} Re8 {[%clk 0:36:05]} 40. Rxe8+
{[%clk 0:46:01]} Bxe8 {[%clk 0:36:29]} 41. Bb6 {[%clk 0:46:13]} Bd7
{[%clk 0:35:33]} 42. Ba5 {[%clk 0:46:09]} h6 {[%clk 0:33:40]} 43. Bb6
{[%clk 0:45:54]} Kf8 {[%clk 0:33:36]} 44. Ba5 {[%clk 0:45:51]} Ke7
{[%clk 0:33:56]} 45. Bd2 {[%clk 0:46:02]} Kd6 {[%clk 0:33:44]} 46. Bxh6
{[%clk 0:46:22]} b5 {[%clk 0:33:32]} 47. Bd2 {[%clk 0:46:13]} Kc5
{[%clk 0:33:44]} 48. Kg3 {[%clk 0:46:28]} b4 {[%clk 0:33:48]} 49. h4
{[%clk 0:46:45]} a5 {[%clk 0:33:53]} 50. Kf4 {[%clk 0:47:13]} a4 {[%clk 0:33:43]}
51. Ke5 {[%clk 0:47:03]} a3 {[%clk 0:33:09]} 52. Be3+ {[%clk 0:47:17]} Kc4
{[%clk 0:33:27]} 53. Bd4 {[%clk 0:47:14]} b3 {[%clk 0:33:06]} 54. Ke4
{[%clk 0:47:39]} b2 {[%clk 0:33:21]} 55. Bxb2 {[%clk 0:47:40]} axb2
{[%clk 0:33:46]} 56. Ke5 {[%clk 0:47:59]} b1=Q {[%clk 0:34:00]} 57. Kf6
{[%clk 0:48:14]} Qf5+ {[%clk 0:33:50]} 58. Kg7 {[%clk 0:48:31]} Qh5
{[%clk 0:34:14]} 59. Kxf7 {[%clk 0:48:49]} Qxh4 {[%clk 0:34:27]} 60. Kxg6
{[%clk 0:49:06]} Bf5+ {[%clk 0:34:26]} 61. Kg7 {[%clk 0:49:22]} Qe7+
{[%clk 0:34:15]} 62. Kh6 {[%clk 0:49:36]} Qf6+ {[%clk 0:34:39]} 63. Kh5
{[%clk 0:49:55]} Qg6+ {[%clk 0:34:58]} 64. Kh4 {[%clk 0:50:15]} Qg4#
{[%clk 0:35:23]} 0-1

[Event "MSR2018s4"]
[Site "?"]
[Date "2018.04.22"]
[Round "2.21"]
[White "Sahidi, Sear"]
[Black "Earle, Dominic James"]
[Result "0-1"]
[BlackElo "1273"]
[WhiteElo "1176"]
[LiveChessVersion "1.4.8"]

1. e4 {[%clk 1:30:57]} e6 {[%clk 1:30:56]} 2. Nf3 {[%clk 1:31:20]} c5
{[%clk 1:31:13]} 3. c3 {[%clk 1:31:33]} d5 {[%clk 1:31:09]} 4. Bd3
{[%clk 1:31:16]} c4 {[%clk 1:27:23]} 5. Bc2 {[%clk 1:31:23]} Nf6 {[%clk 1:24:11]}
6. Qe2 {[%clk 1:30:44]} Bc5 {[%clk 1:14:40]} 7. d4 {[%clk 1:29:35]} cxd3
{[%clk 1:13:40]} 8. Bxd3 {[%clk 1:29:04]} O-O {[%clk 1:13:02]} 9. Bg5
{[%clk 1:28:11]} dxe4 {[%clk 1:05:35]} 10. Bxe4 {[%clk 1:27:05]} Nbd7
{[%clk 1:03:42]} 11. Qd3 {[%clk 1:25:05]} h6 {[%clk 1:03:16]} 12. Bh4
{[%clk 1:24:24]} Qb6 13. Qc2 {[%clk 1:23:25]} Nxe4 {[%clk 1:00:37]} 14. b4
{[%clk 1:22:47]} Bxb4 {[%clk 0:59:02]} 15. Qxe4 {[%clk 1:22:20]} Bd6
{[%clk 0:58:30]} 16. O-O {[%clk 1:21:37]} Nc5 {[%clk 0:57:51]} 17. Qe3
{[%clk 1:20:20]} Bd7 {[%clk 0:51:05]} 18. Na3 {[%clk 1:19:26]} Qc7
{[%clk 0:48:21]} 19. Rab1 {[%clk 1:18:14]} a6 {[%clk 0:48:32]} 20. Nc4
{[%clk 1:18:26]} Bf4 {[%clk 0:46:48]} 21. Qd4 {[%clk 1:18:18]} Bb5
{[%clk 0:43:33]} 22. Rb4 {[%clk 1:15:26]} g5 {[%clk 0:40:30]} 23. Bg3
{[%clk 1:15:03]} Bxg3 {[%clk 0:39:19]} 24. hxg3 {[%clk 1:15:12]} Rfd8
{[%clk 0:39:14]} 25. Qe5 {[%clk 1:13:35]} Qxe5 {[%clk 0:39:16]} 26. Nfxe5
{[%clk 1:13:46]} f6 {[%clk 0:38:45]} 27. Ng4 {[%clk 1:13:43]} Kg7
{[%clk 0:38:01]} 28. Nb6 {[%clk 1:13:48]} Bxf1 {[%clk 0:37:09]} 29. Kxf1
{[%clk 1:14:05]} Rab8 {[%clk 0:37:20]} 30. f4 {[%clk 1:13:49]} Rd3
{[%clk 0:37:18]} 31. fxg5 {[%clk 1:13:46]} hxg5 {[%clk 0:37:36]} 32. Rc4
{[%clk 1:13:05]} Rxg3 {[%clk 0:35:46]} 33. Rxc5 {[%clk 1:13:22]} Rxg4
{[%clk 0:36:08]} 34. Rc7+ {[%clk 1:13:31]} Kg6 {[%clk 0:36:07]} 35. Nd7
{[%clk 1:13:49]} Rd8 {[%clk 0:35:47]} 36. Rxb7 {[%clk 1:14:06]} Rc4
{[%clk 0:35:50]} 37. Nb6 {[%clk 1:12:15]} Rxc3 {[%clk 0:35:45]} 38. Ra7
{[%clk 1:12:35]} Ra3 {[%clk 0:36:02]} 39. Rd7 {[%clk 1:11:59]} Rxd7
{[%clk 0:36:20]} 40. Nxd7 {[%clk 1:12:13]} Rxa2 {[%clk 0:36:45]} 41. Nc5
{[%clk 1:12:29]} e5 {[%clk 0:37:02]} 42. g3 {[%clk 1:12:41]} a5 {[%clk 0:37:23]}
43. Ke1 {[%clk 1:13:04]} a4 {[%clk 0:37:46]} 44. Kd1 {[%clk 1:13:26]} a3
{[%clk 0:38:07]} 45. Kc1 {[%clk 1:13:51]} Rg2 {[%clk 0:38:35]} 46. Ne4
{[%clk 1:13:39]} a2 {[%clk 0:38:49]} 47. Nc3 {[%clk 1:13:41]} a1=Q+
{[%clk 0:39:07]} 48. Nb1 {[%clk 1:13:52]} Qxb1+ {[%clk 0:39:35]} 49. Kxb1
{[%clk 1:14:14]} Kf5 {[%clk 0:39:58]} 50. Kc1 {[%clk 1:12:50]} Ke4
{[%clk 0:40:13]} 51. Kd1 {[%clk 1:13:03]} Ke3 {[%clk 0:40:31]} 52. Kc1
{[%clk 1:13:46]} Rh2 {[%clk 0:41:14]} 53. Kb1 Kd3 0-1

[Event "MSR2018s4"]
[Site "?"]
[Date "2018.04.22"]
[Round "2.22"]
[White "Cerven, Samuel"]
[Black "Oruzinsky, Juraj"]
[Result "1/2-1/2"]
[BlackElo "1000"]
[WhiteElo "1270"]
[LiveChessVersion "1.4.8"]

1. e4 {[%clk 1:30:56]} e5 {[%clk 1:30:52]} 2. Nf3 {[%clk 1:31:13]} Nc6
{[%clk 1:31:14]} 3. d4 {[%clk 1:31:34]} exd4 {[%clk 1:31:10]} 4. Bc4
{[%clk 1:31:56]} h6 5. Nxd4 Nxd4 {[%clk 1:28:53]} 6. Qxd4 {[%clk 1:32:17]} c5
{[%clk 1:28:27]} 7. Qd5 {[%clk 1:29:32]} Qe7 {[%clk 1:28:20]} 8. O-O
{[%clk 1:29:44]} d6 {[%clk 1:28:27]} 9. Bb5+ {[%clk 1:29:14]} Kd8
{[%clk 1:27:34]} 10. Bd2 {[%clk 1:28:57]} Qc7 {[%clk 1:26:52]} 11. Re1
{[%clk 1:28:07]} Nf6 {[%clk 1:26:20]} 12. Qd3 {[%clk 1:28:10]} a6
{[%clk 1:26:01]} 13. Bc4 {[%clk 1:27:13]} Be6 {[%clk 1:26:06]} 14. Bxe6
{[%clk 1:26:56]} fxe6 {[%clk 1:26:14]} 15. e5 {[%clk 1:26:49]} Nd5
{[%clk 1:26:04]} 16. exd6 {[%clk 1:26:33]} Qxd6 {[%clk 1:25:30]} 17. Nc3
{[%clk 1:26:23]} Nb4 {[%clk 1:25:15]} 18. Qxd6+ {[%clk 1:25:59]} Bxd6
{[%clk 1:25:05]} 19. Rac1 {[%clk 1:25:33]} Kd7 {[%clk 1:25:01]} 20. a3
{[%clk 1:25:23]} Nc6 {[%clk 1:24:54]} 21. Ne4 {[%clk 1:25:03]} Rad8
{[%clk 1:22:57]} 22. Nxd6 {[%clk 1:25:17]} Kxd6 {[%clk 1:22:55]} 23. Rcd1
{[%clk 1:25:29]} Ke7 {[%clk 1:22:28]} 24. Be3 {[%clk 1:25:39]} b6
{[%clk 1:22:27]} 25. f3 {[%clk 1:24:56]} Nd4 {[%clk 1:21:58]} 26. Rd2
{[%clk 1:23:03]} Nf5 {[%clk 1:21:29]} 27. Rxd8 {[%clk 1:22:06]} Rxd8
{[%clk 1:21:47]} 28. Bf2 {[%clk 1:20:16]} Rd2 {[%clk 1:21:20]} 29. Rc1
{[%clk 1:20:25]} Nd4 {[%clk 1:21:01]} 30. Bxd4 {[%clk 1:19:36]} cxd4
{[%clk 1:19:57]} 31. b3 {[%clk 1:18:51]} Kd6 {[%clk 1:19:14]} 32. h4
{[%clk 1:18:46]} e5 {[%clk 1:18:28]} 33. Kh2 {[%clk 1:18:56]} d3 {[%clk 1:18:13]}
34. cxd3 {[%clk 1:17:46]} Rxd3 {[%clk 1:18:07]} 35. Rb1 {[%clk 1:18:02]} Kd5
{[%clk 1:18:11]} 36. Kg3 {[%clk 1:18:07]} g6 {[%clk 1:18:08]} 37. Kf2
{[%clk 1:18:16]} Rd2+ {[%clk 1:16:14]} 38. Kf1 {[%clk 1:18:04]} Kd4
{[%clk 1:15:05]} 39. Re1 {[%clk 1:16:18]} Rb2 {[%clk 1:14:17]} 40. Rd1+
{[%clk 1:16:04]} Kc5 {[%clk 1:13:41]} 41. Rc1+ {[%clk 1:16:17]} Kd6
{[%clk 1:12:37]} 42. Rd1+ {[%clk 1:16:23]} Ke6 {[%clk 1:12:52]} 43. Rd3
{[%clk 1:16:30]} Kf5 {[%clk 1:12:12]} 44. g3 {[%clk 1:14:43]} g5 {[%clk 1:11:52]}
45. g4+ {[%clk 1:12:52]} Kf4 {[%clk 1:11:44]} 46. h5 {[%clk 1:12:00]} e4
{[%clk 1:10:51]} 47. fxe4 {[%clk 1:11:54]} Kxe4 {[%clk 1:10:51]} 48. Rd6
{[%clk 1:11:31]} Rxb3 {[%clk 1:10:28]} 49. Rxh6 {[%clk 1:11:27]} Rxa3
{[%clk 1:09:58]} 50. Rxb6 {[%clk 1:11:28]} Rg3 {[%clk 1:10:17]} 51. Rxa6
{[%clk 1:11:07]} Rxg4 {[%clk 1:10:17]} 52. Kf2 {[%clk 1:11:07]} Kd5
{[%clk 1:10:17]} 53. Kf3 {[%clk 1:11:07]} Rh4 {[%clk 1:10:17]} 54. Kg3
{[%clk 1:11:07]} Rxh5 {[%clk 1:10:17]} 55. Ra4 {[%clk 1:11:07]} Ke5
{[%clk 1:10:17]} 56. Rg4 {[%clk 1:11:07]} Kd5 {[%clk 1:10:17]} 57. Ra4
{[%clk 1:12:30]} Ke5 58. Ra5+ Rh6 59. Kg4+ Ke4 60. Kxg5 1/2-1/2

[Event "MSR2018s4"]
[Site "?"]
[Date "2018.04.22"]
[Round "2.23"]
[White "Balusik, Branislav"]
[Black "Carnecky, Viliam"]
[Result "0-1"]
[BlackElo "1253"]
[WhiteElo "1161"]
[LiveChessVersion "1.4.8"]

1. e4 {[%clk 1:30:58]} e5 {[%clk 1:30:53]} 2. Nf3 {[%clk 1:31:20]} Nc6
{[%clk 1:31:15]} 3. Bb5 {[%clk 1:31:35]} Bc5 {[%clk 1:30:52]} 4. Nc3
{[%clk 1:31:45]} d6 {[%clk 1:30:32]} 5. d3 {[%clk 1:31:54]} h6 {[%clk 1:30:49]}
6. Be3 {[%clk 1:32:12]} Bxe3 {[%clk 1:30:17]} 7. fxe3 {[%clk 1:32:34]} Bd7
{[%clk 1:29:09]} 8. O-O {[%clk 1:32:52]} Nf6 {[%clk 1:29:31]} 9. Qd2
{[%clk 1:32:28]} O-O {[%clk 1:29:46]} 10. h3 {[%clk 1:32:22]} a6 {[%clk 1:29:58]}
11. Bxc6 {[%clk 1:32:19]} Bxc6 {[%clk 1:29:52]} 12. d4 {[%clk 1:32:37]} Re8
{[%clk 1:30:06]} 13. Qd3 {[%clk 1:29:10]} exd4 {[%clk 1:30:15]} 14. exd4
{[%clk 1:29:00]} Bxe4 {[%clk 1:30:05]} 15. Nxe4 {[%clk 1:28:56]} Nxe4
{[%clk 1:30:20]} 16. Rfe1 {[%clk 1:28:37]} Nf6 {[%clk 1:30:00]} 17. Qb3
{[%clk 1:25:24]} b6 {[%clk 1:30:00]} 18. Rad1 {[%clk 1:24:48]} c6
{[%clk 1:30:08]} 19. Qc4 {[%clk 1:23:13]} Qd7 {[%clk 1:30:04]} 20. a4
{[%clk 1:22:00]} b5 {[%clk 1:29:06]} 21. axb5 axb5 {[%clk 1:27:50]} 22. Qc3
{[%clk 1:21:04]} Nd5 23. Qd2 {[%clk 1:19:30]} Rxe1+ {[%clk 1:25:58]} 24. Qxe1
{[%clk 1:18:53]} Ra2 {[%clk 1:25:26]} 25. Qe4 {[%clk 1:16:25]} Rxb2
{[%clk 1:24:47]} 26. Ra1 {[%clk 1:16:43]} Nb6 {[%clk 1:24:13]} 27. Ra6
{[%clk 1:16:37]} Qb7 {[%clk 1:24:28]} 28. Qe8+ {[%clk 1:14:22]} Kh7
{[%clk 1:24:24]} 29. Qe4+ {[%clk 1:14:31]} g6 {[%clk 1:24:26]} 30. Qe8
{[%clk 1:13:57]} Kg7 {[%clk 1:24:40]} 31. Ra1 {[%clk 1:13:19]} Rxc2
{[%clk 1:23:54]} 32. d5 {[%clk 1:12:52]} Qd7 {[%clk 1:23:19]} 33. Qb8
{[%clk 1:12:52]} Nxd5 {[%clk 1:23:02]} 34. Qa8 {[%clk 1:12:11]} Qe7
{[%clk 1:23:07]} 35. Re1 {[%clk 1:11:51]} Rc1 {[%clk 1:22:22]} 36. Rxc1
{[%clk 1:12:00]} Qe3+ {[%clk 1:22:42]} 37. Kh2 {[%clk 1:12:22]} Qxc1
{[%clk 1:22:46]} 38. Qa2 {[%clk 1:11:48]} b4 {[%clk 1:22:35]} 39. Nd4
{[%clk 1:11:25]} Qf4+ {[%clk 1:22:34]} 40. g3 {[%clk 1:11:43]} Qxd4
{[%clk 1:22:39]} 41. Qb3 {[%clk 1:11:50]} Qc3 {[%clk 1:22:56]} 42. Qxc3+
{[%clk 1:11:32]} bxc3 {[%clk 1:23:17]} 43. g4 {[%clk 1:11:50]} c2
{[%clk 1:23:32]} 44. h4 {[%clk 1:12:17]} c1=Q {[%clk 1:23:49]} 45. Kg3
{[%clk 1:12:06]} Qf4+ {[%clk 1:23:00]} 46. Kg2 {[%clk 1:12:28]} Ne3+
{[%clk 1:23:01]} 47. Kg1 {[%clk 1:12:40]} Qg3+ {[%clk 1:23:19]} 48. Kh1
{[%clk 1:12:39]} Qg2# {[%clk 1:23:37]} 0-1

[Event "MSR2018s4"]
[Site "?"]
[Date "2018.04.22"]
[Round "2.24"]
[White "Smetana, Peter"]
[Black "Elias, David"]
[Result "0-1"]
[BlackElo "1608"]
[WhiteElo "1000"]
[LiveChessVersion "1.4.8"]

1. e4 {[%clk 1:30:58]} e5 {[%clk 1:30:52]} 2. Nf3 {[%clk 1:31:22]} Nc6
{[%clk 1:30:58]} 3. d4 {[%clk 1:31:45]} exd4 {[%clk 1:31:17]} 4. Nxd4
{[%clk 1:32:02]} Bc5 {[%clk 1:30:58]} 5. Nxc6 {[%clk 1:32:16]} bxc6
{[%clk 1:31:02]} 6. Bc4 {[%clk 1:32:22]} d6 {[%clk 1:30:19]} 7. O-O
{[%clk 1:32:29]} Nf6 {[%clk 1:29:41]} 8. Nc3 {[%clk 1:32:21]} O-O
{[%clk 1:29:33]} 9. Qf3 {[%clk 1:32:06]} Be6 {[%clk 1:28:08]} 10. Bb3
{[%clk 1:31:56]} Qd7 {[%clk 1:27:13]} 11. Rd1 {[%clk 1:31:26]} Bg4
{[%clk 1:27:16]} 12. Qd3 {[%clk 1:31:17]} Bxd1 {[%clk 1:27:25]} 13. Qxd1
{[%clk 1:31:33]} Rfe8 {[%clk 1:26:53]} 14. Qf3 {[%clk 1:31:37]} d5
{[%clk 1:26:40]} 15. Bg5 {[%clk 1:31:34]} Ng4 {[%clk 1:26:35]} 16. exd5
{[%clk 1:31:17]} cxd5 {[%clk 1:24:42]} 17. h3 {[%clk 1:30:59]} Nxf2
{[%clk 1:24:10]} 18. Qxd5 {[%clk 1:30:21]} Qxd5 {[%clk 1:23:30]} 19. Bxd5
{[%clk 1:30:40]} Nxh3+ {[%clk 1:23:34]} 20. Kh2 {[%clk 1:30:50]} Nxg5
{[%clk 1:23:41]} 21. Bxa8 {[%clk 1:30:56]} Rxa8 {[%clk 1:23:40]} 22. Rd1
{[%clk 1:31:08]} Bd6+ {[%clk 1:23:51]} 23. Kg1 {[%clk 1:31:07]} Rb8
{[%clk 1:24:06]} 24. b3 {[%clk 1:31:24]} f6 {[%clk 1:24:10]} 25. Rd5
{[%clk 1:30:50]} Kf7 {[%clk 1:24:12]} 26. Rb5 {[%clk 1:30:37]} Rxb5
{[%clk 1:24:03]} 27. Nxb5 {[%clk 1:30:51]} Ne4 {[%clk 1:24:15]} 28. Kf1
{[%clk 1:30:52]} a6 {[%clk 1:24:09]} 29. Nxd6+ {[%clk 1:30:36]} Nxd6
{[%clk 1:24:29]} 30. Kf2 {[%clk 1:30:57]} Ke6 {[%clk 1:24:48]} 31. Ke3
{[%clk 1:31:13]} Ke5 {[%clk 1:24:40]} 32. c4 {[%clk 1:31:07]} c5 {[%clk 1:24:46]}
33. g4 {[%clk 1:31:27]} Ne4 {[%clk 1:24:54]} 34. a3 {[%clk 1:31:30]} a5
{[%clk 1:25:01]} 35. Kf3 {[%clk 1:31:28]} Nd2+ {[%clk 1:25:17]} 36. Ke3
{[%clk 1:31:36]} Nxb3 {[%clk 1:25:38]} 37. a4 {[%clk 1:30:35]} Nd4
{[%clk 1:25:49]} 38. Kd2 {[%clk 1:29:49]} Kf4 {[%clk 1:25:58]} 39. Kd3
{[%clk 1:30:04]} Kxg4 {[%clk 1:26:05]} 40. Ke4 {[%clk 1:30:13]} h5
{[%clk 1:23:54]} 41. Kd5 {[%clk 1:30:31]} Nb3 {[%clk 1:24:03]} 42. Ke4
{[%clk 1:30:48]} h4 {[%clk 1:24:17]} 43. Kd3 {[%clk 1:31:13]} h3 {[%clk 1:24:25]}
44. Kc3 {[%clk 1:31:20]} Nd4 {[%clk 1:24:43]} 45. Kd3 {[%clk 1:31:38]} h2
{[%clk 1:24:55]} 46. Ke3 {[%clk 1:31:57]} h1=Q {[%clk 1:24:08]} 47. Kd3
{[%clk 1:32:12]} Qf1+ {[%clk 1:24:46]} 48. Kc3 {[%clk 1:18:00]} Qc1+
{[%clk 1:25:00]} 49. Kd3 {[%clk 1:10:22]} Qc2+ {[%clk 1:24:09]} 50. Ke3
{[%clk 0:59:29]} Qe2# {[%clk 1:24:23]} 0-1